000 00497nam a2200181Ia 4500
008 230524s9999 xx 000 0 und d
020 _a9788131720479
082 _a621.382
_bHOP
100 _aJ.E.Hopcropt
245 0 _aIntroduction to Automata Theory Languages and Computers
250 _a2ND
260 _aNEW DELHI
_b"Pearson, Narosa"
_c2002
300 _aXIV;518
500 _aQuantity Number: 100
650 _aComp-Sc
700 _a"Rajeev Motwani,Jeffery D.Ullman,,,"
942 _cBK
999 _c14588
_d14588